00651nam a22002057a 4500999001900000005001700019010001300036020002600049035001300075037001300088082001000101100002300111245009500134260004500229270005800274300004600332500002300378700002000401942002400421 c195532d19553220230401141734.0 aEN-87505 a9788186772454c135.00 aEN-87505 bDBAD/Pub a372.1 aShiradhonkar,Kiran aunderstanding and developing ;bcreativity /cby Kiran Shiradhonkar [and] Vishala Patham : aNew DelhibNew Academic Publishersc2011 a4760-61, 23, Ansari Road,DaryaganjbNew Delhie110002 aiv,56p.bill. (Black & White)c23cm (pbk) aIncludes refrences aPatham,Vishala  2ddccENh372.1mSHI